000 00897nmm a2200277 a 4500
001 5987
003 EWU MFN
008 110621s9999 xx 000 0 und d
020 _a0-415-26134-1 (CD-ROM)
040 _aBD-DhEWU
_dBD-DhEWU
040 _cBD-DhEWU
_dBD-DhEWU
041 _aENG
082 _a421.58
_bCOP 2003
100 1 _aCOLLINS, Beverley
_96576
245 1 0 _aPractical phonetics and phonology:
_ba resource book for students
250 _aSpecial Indian ed.ition
260 _aDelhi:
_bRoutledge,
_c2003
300 _a
440 _aRoutledge English language introductions
_96579
526 _aENG
_bENG
650 _aPhonetics
_920721
653 1 _aPhonetics English language-Phonetics English language-Pronunciation
700 _aMEES, Inger M.
_96578
942 _cCD
_2ddc
999 _c6779
_d6779